Zavádzanie systému environmentálneho riadenia podniku podľa noriem ISO 14000 diplomová práca

Enregistré dans:
Détails bibliographiques
Auteur principal: Borončová, Lucia
Collectivité auteur: Fakulta podnikového manažmentu EU. Katedra manažmentu výroby a logistiky - zrušená
Autres auteurs: Vybíralová, Júlia
Format: Livre
Langue:slovaque
Publié: Bratislava 2009
Tags: Ajouter un tag
Pas de tags, Soyez le premier à ajouter un tag!

MARC

LEADER 00000nam$a2200000$$$4500
001 0102299
005 20240320075614.4
041 0 |a slo 
044 |a SK 
245 1 0 |a Zavádzanie systému environmentálneho riadenia podniku podľa noriem ISO 14000  |b diplomová práca  |c Lucia Borončová ; škol. Júlia Vybíralová 
264 1 |a Bratislava  |c 2009 
300 |a 69 s. 
100 1 |a Borončová, Lucia 
700 1 |a Vybíralová, Júlia 
710 2 |a Fakulta podnikového manažmentu EU. Katedra manažmentu výroby a logistiky - zrušená